[Event "Iasi ROM, World Amateur Ch"]
[Site "Iasi ROM"]
[Date "2013.04.27"]
[Round "6.63"]
[White "Ionita, Gheorghe"]
[Black "Gherasim, Ovidiu C"]
[Result "0-1"]
[WhiteElo "1616"]
[BlackElo "1880"]
[PlyCount "26"]
[EventDate "2013.04.22"]
[EventType "swiss"]
[EventRounds "9"]
[EventCountry "ROM"]

1. e4 c6 2. d4 d5 3. exd5 cxd5 4. f4 Nh6 5. Nf3 Nc6 6. Bb5 a6 7. Bxc6+ bxc6 8.
O-O f6 9. Nh4 Bg4 10. Qd3 Bd7 11. f5 Nf7 12. Qh3 Qc8 13. Ng6 hxg6 0-1

[Event "WORLD AMATEUR CHESS CHAMPIONSHIP 2013"]
[Site "Iasi"]
[Date "2013.04.26"]
[Round "5.71"]
[White "Ionita, Gheorghe"]
[Black "Ciobotaru, Alexandru-Vlad"]
[Result "1/2-1/2"]
[WhiteElo "1616"]
[BlackElo "1798"]
[PlyCount "81"]
[EventDate "2013.04.22"]
[EventRounds "9"]

1. e4 e6 2. d4 d5 3. Nc3 Bb4 4. Nge2 dxe4 5. a3 Bxc3+ 6. Nxc3 Nc6 7. Bb5 Nge7
8. Nxe4 a6 9. Bxc6+ Nxc6 10. c3 O-O 11. O-O Qd5 12. Ng5 f6 13. Nf3 Re8 14. b3
b5 15. a4 Bb7 16. axb5 axb5 17. Rxa8 Bxa8 18. Bf4 Re7 19. Re1 Nd8 20. Qc2 g5
21. c4 Qb7 22. Bd2 Qb6 23. d5 Qd6 24. Nd4 exd5 25. Nxb5 Rxe1+ 26. Bxe1 Qe7 27.
Ba5 Nc6 28. Qd2 Qe4 29. Nc3 Qe5 30. b4 Nxa5 31. bxa5 d4 32. Nb5 c5 33. h3 h5
34. a6 Qe6 35. Nc7 Qc6 36. Nxa8 Qxa8 37. Qa5 d3 38. Kf1 Qe8 39. Qa2 Qa8 40. a7
Kg7 41. Qa5 {unreadable} 1/2-1/2

[Event "Iasi ROM, World Amateur Ch"]
[Site "Iasi ROM"]
[Date "2013.04.25"]
[Round "4.66"]
[White "Wijesuriya, G Vineetha"]
[Black "Ionita, Gheorghe"]
[Result "1/2-1/2"]
[WhiteElo "1846"]
[BlackElo "1616"]
[PlyCount "118"]
[EventDate "2013.04.22"]
[EventType "swiss"]
[EventRounds "9"]
[EventCountry "ROM"]

1. d4 Nf6 2. Nf3 e6 3. c3 d5 4. Bg5 Nbd7 5. Nbd2 c5 6. e4 dxe4 7. Nxe4 h6 8.
Bxf6 gxf6 9. dxc5 Bxc5 10. Nxc5 Nxc5 11. Qxd8+ Kxd8 12. Be2 b6 13. Nd4 Bb7 14.
f3 Rg8 15. O-O Rg5 16. Rfd1 Ke7 17. Rd2 Rag8 18. Bb5 Rc8 19. Rad1 e5 20. Nb3
Bxf3 21. Rf1 e4 22. Rdf2 Nxb3 23. Ba6 Rcg8 24. g3 Nc5 25. Bc4 h5 26. Re1 Kf8
27. Rd2 h4 28. Rd8+ Ke7 29. Rxg8 Rxg8 30. Kf2 hxg3+ 31. hxg3 Rh8 32. Ke3 Rh2
33. b4 Na4 34. Rc1 Nb2 35. Bb5 Nd1+ 36. Kf4 Rf2 37. Bc6 Bg2+ 38. Kg4 Ne3+ 39.
Kh4 Nf5+ 40. Kg4 Bf3+ 41. Kxf5 Be2+ 42. Kxe4 Bg4 43. a4 Kd6 44. Bb5 f5+ 45. Kd4
Rg2 46. c4 Rxg3 47. c5+ bxc5+ 48. bxc5+ Kc7 49. Re1 f6 50. Re7+ Kb8 51. c6 f4
52. c7+ Kb7 53. Bd7 Bxd7 54. Rxd7 f3 55. Ke3 Rg4 56. c8=Q+ Kxc8 57. Rxa7 Rg3
58. Rf7 f2+ 59. Kxf2 Ra3 1/2-1/2

[Event "WORLD AMATEUR CHESS CHAMPIONSHIP 2013"]
[Site "Iasi"]
[Date "2013.04.23"]
[Round "2.59"]
[White "Stefanova Milena (BUL)"]
[Black "Ionita, Gheorghe"]
[Result "1-0"]
[WhiteElo "1996"]
[BlackElo "1616"]
[PlyCount "65"]
[EventDate "2013.04.22"]
[EventRounds "9"]

1. e4 c5 2. c3 d5 3. exd5 Qxd5 4. d4 Nc6 5. dxc5 Qxc5 6. Be3 Qa5 7. Bc4 Bf5 8.
Qb3 Ne5 9. Qxb7 Rd8 10. Qb5+ Qxb5 11. Bxb5+ Bd7 12. Bxd7+ Rxd7 13. b3 Nf6 14.
Na3 Nfg4 15. Nf3 Nxf3+ 16. gxf3 Nxe3 17. fxe3 e5 18. Nc4 f6 19. Ke2 g5 20. Rad1
h5 21. Rxd7 Kxd7 22. Rd1+ Ke6 23. Rd8 g4 24. Re8+ Kf5 25. Nd6+ Kg6 26. c4 Kh7
27. c5 f5 28. Nf7 Rg8 29. c6 Kg7 30. c7 gxf3+ 31. Kxf3 e4+ 32. Kf2 Kxf7 33.
c8=Q 1-0

[Event "WORLD AMATEUR CHESS CHAMPIONSHIP 2013"]
[Site "Iasi"]
[Date "2013.04.22"]
[Round "1.43"]
[White "Ionita, Gheorghe"]
[Black "Helawi, Majed"]
[Result "0-1"]
[WhiteElo "1616"]
[BlackElo "1920"]
[PlyCount "100"]
[EventDate "2013.04.22"]
[EventRounds "9"]

1. e4 e6 2. d4 d5 3. Nc3 Bb4 4. Nge2 Nf6 5. Bg5 h6 6. Bxf6 Qxf6 7. e5 Qg6 8. a3
Bxc3+ 9. Nxc3 Bd7 10. g3 f6 11. Bd3 Qf7 12. Qg4 O-O 13. Bg6 Qe7 14. O-O-O fxe5
15. dxe5 Rxf2 16. Rdf1 Rxf1+ 17. Rxf1 Qg5+ 18. Qxg5 hxg5 19. Bf7+ Kh7 20. Bh5
Nc6 21. Re1 Rf8 22. Bg4 Ne7 23. Ne2 c5 24. Ng1 Kg6 25. Nf3 Nf5 26. h4 Nxg3 27.
Nxg5 Nf5 28. Nf3 Nxh4 29. Nxh4+ Kg5 30. Bxe6 Bxe6 31. Ng2 Rf2 32. Ne3 Kf4 33.
Nd1 Rf3 34. b3 g5 35. Nb2 b6 36. Nd3+ Kg3 37. Rh1 Bf5 38. Kd2 d4 39. Rh6 Re3
40. Rf6 Bxd3 41. cxd3 Rxe5 42. Rf7 g4 43. Rxa7 Kg2 44. Ra6 Re6 45. a4 Kf2 46.
a5 Re2+ 47. Kd1 Ra2 48. b4 g3 49. Rxb6 g2 50. Rf6+ Ke3 0-1

[Event "Campionatul National individual  de sen"]
[Site "Olanesti"]
[Date "2013.02.24"]
[Round "11.49"]
[White "Porumb, Alecu"]
[Black "Ionita, Gheorghe"]
[Result "1-0"]
[WhiteElo "1681"]
[BlackElo "1618"]
[PlyCount "69"]
[EventDate "2013.02.16"]
[EventRounds "9"]

1. e4 c5 2. Nf3 Nc6 3. d4 cxd4 4. Nxd4 g6 5. Be3 Bg7 6. Be2 Nf6 7. Nc3 O-O 8.
O-O a6 9. f4 Qb6 10. e5 Qxb2 11. Nxc6 dxc6 12. exf6 Qxc3 13. Bd4 Qxd4+ 14. Qxd4
Bxf6 15. Qb4 a5 16. Qb3 Bd4+ 17. Kh1 a4 18. Qc4 Bxa1 19. Rxa1 Be6 20. Qc3 Rfd8
21. h3 Rd6 22. Rd1 Bd5 23. a3 b5 24. Bf3 Bxf3 25. Qxf3 Rad8 26. Rxd6 Rxd6 27.
Qe3 e6 28. Qc5 Rd5 29. Qxc6 Kg7 30. Kh2 h5 31. c4 bxc4 32. Qxc4 Kf6 33. Qxa4
Kf5 34. Qb4 Rd1 35. a4 1-0

[Event "Campionatul National individual  de sen"]
[Site "Olanesti"]
[Date "2013.02.23"]
[Round "10.53"]
[White "Ionita, Gheorghe"]
[Black "Murg, Gheorghe"]
[Result "1-0"]
[WhiteElo "1618"]
[BlackElo "1726"]
[PlyCount "84"]
[EventDate "2013.02.16"]
[EventRounds "9"]

1. e4 e5 2. Nf3 Nc6 3. d4 exd4 4. c3 d5 5. exd5 Qxd5 6. cxd4 Bg4 7. Be2 O-O-O
8. Nc3 Bb4 9. Be3 Nf6 10. a3 Bxc3+ 11. bxc3 Qa5 12. Qb3 Ne4 13. O-O Be6 14. c4
Qc3 15. Qb1 Bf5 16. Bd3 Rhe8 17. d5 Na5 18. Bd4 Qb3 19. Bxg7 Qxb1 20. Raxb1 b6
21. Nh4 Bg6 22. Nxg6 fxg6 23. Rb4 c5 24. Rb2 Rd7 25. Bh6 Nd6 26. Rc1 Nf7 27.
Bd2 Nb7 28. Bc2 Re2 29. Ba4 Rde7 30. Kf1 Nbd6 31. Bd1 R2e4 32. Bb3 Ne5 33. f3
Rd4 34. Be3 Rd3 35. Bg5 Rf7 36. Re1 Nd7 37. Re6 Nf5 38. Rc6+ Kb7 39. a4 Nd4 40.
Bc2 Rc3 41. Be4 Ne5 42. Rf6 Nxc4 1-0

[Event "Campionatul National individual  de sen"]
[Site "Olanesti"]
[Date "2013.02.22"]
[Round "9.52"]
[White "Ionita, Gheorghe"]
[Black "Banzea, Alexandru Bogdan"]
[Result "0-1"]
[WhiteElo "1618"]
[BlackElo "1808"]
[PlyCount "58"]
[EventDate "2013.02.16"]
[EventRounds "9"]

1. e4 c5 2. c3 Nf6 3. e5 Nd5 4. d4 cxd4 5. cxd4 e6 6. Bc4 Nb6 7. Bb3 Nc6 8. f4
d6 9. Nf3 Be7 10. O-O O-O 11. Nc3 Bd7 12. Ne4 d5 13. Neg5 h6 14. Qd3 hxg5 15.
Nxg5 Bxg5 16. Bc2 g6 17. fxg5 Nb4 18. Qe2 Nxc2 19. Qxc2 Kg7 20. Rf6 Rc8 21. Qd3
Qc7 22. Bd2 Qc2 23. Qe2 Nc4 24. Rd1 Nxd2 25. Rxd2 Qe4 26. Qf1 Bb5 27. Qd1 Rc7
28. Rdf2 Qe3 29. R6f3 Rc1 0-1

[Event "Campionatul National individual  de sen"]
[Site "Olanesti"]
[Date "2013.02.21"]
[Round "8.55"]
[White "Ciorica, Ovidiu-Nicolaie"]
[Black "Ionita, Gheorghe"]
[Result "0-1"]
[WhiteElo "1618"]
[BlackElo "1618"]
[PlyCount "52"]
[EventDate "2013.02.16"]
[EventRounds "9"]

1. e4 c5 2. Nf3 Nc6 3. d4 cxd4 4. Nxd4 g6 5. Be3 Bg7 6. c3 Nf6 7. f3 O-O 8. Nd2
d5 9. Ne2 Ne5 10. Ng3 b6 11. Bd4 Qd6 12. f4 Nfg4 13. fxe5 Bxe5 14. Nf3 Bxg3+
15. hxg3 Qxg3+ 16. Kd2 dxe4 17. Qe2 exf3 18. gxf3 Qf4+ 19. Ke1 e5 20. Bg1 Bb7
21. Bg2 Qg3+ 22. Kd2 Ba6 23. c4 Bxc4 24. Qxc4 Qxg2+ 25. Qe2 Rfd8+ 26. Ke1 Qxh1
0-1

[Event "Campionatul National individual  de sen"]
[Site "Olanesti"]
[Date "2013.02.21"]
[Round "7.51"]
[White "Kaunz, Werner"]
[Black "Ionita, Gheorghe"]
[Result "1-0"]
[WhiteElo "1822"]
[BlackElo "1618"]
[PlyCount "43"]
[EventDate "2013.02.16"]
[EventRounds "9"]

1. e4 c5 2. c3 d5 3. exd5 Qxd5 4. d4 Nc6 5. Nf3 cxd4 6. cxd4 Bg4 7. Be2 O-O-O
8. Nc3 Qa5 9. Be3 e6 10. O-O Bd6 11. h3 Bf5 12. a3 Rd7 13. b4 Qd8 14. Qa4 Bb8
15. Rfc1 Bc7 16. Nb5 a6 17. Nxc7 Rxc7 18. Bf4 Kb8 19. Bxa6 e5 20. Nxe5 Nxd4 21.
Nxf7 b5 22. Bxb5 1-0

[Event "Campionatul National individual  de sen"]
[Site "Olanesti"]
[Date "2013.02.20"]
[Round "6.51"]
[White "Ionita, Gheorghe"]
[Black "Rusu, Vasile"]
[Result "0-1"]
[WhiteElo "1618"]
[BlackElo "1778"]
[PlyCount "78"]
[EventDate "2013.02.16"]
[EventRounds "9"]

1. e4 c5 2. c3 d6 3. d4 cxd4 4. cxd4 Nf6 5. Nc3 e6 6. f4 Be7 7. Nf3 d5 8. e5
Nfd7 9. Bd3 g6 10. O-O Nb6 11. Ng5 Nc6 12. Be3 a6 13. Rf3 Nb4 14. Rc1 Nxd3 15.
Qxd3 Nc4 16. b3 Nxe3 17. Rxe3 Bxg5 18. fxg5 Qxg5 19. Rf1 Bd7 20. Ref3 Rf8 21.
Rh3 h5 22. Rg3 Qh6 23. a4 Rc8 24. b4 Rc4 25. Ne4 Rc1 26. Qf3 dxe4 27. Qxe4 Bc6
28. Qd3 Bxa4 29. Qa3 Rxf1+ 30. Kxf1 Bb5+ 31. Kg1 Qd2 32. h3 Qxd4+ 33. Kh2 Qxe5
34. Kg1 Qe1+ 35. Kh2 Ke7 36. Rc3 Qe5+ 37. Kg1 Rd8 38. Qc1 Rd7 39. Qe3 Rd1+ 0-1

[Event "Campionatul National individual  de sen"]
[Site "Olanesti"]
[Date "2013.02.19"]
[Round "5.54"]
[White "Teodorescu, Daniel"]
[Black "Ionita, Gheorghe"]
[Result "0-1"]
[WhiteElo "1716"]
[BlackElo "1618"]
[PlyCount "54"]
[EventDate "2013.02.16"]
[EventRounds "9"]

1. d4 Nf6 2. Bg5 e6 3. e3 d5 4. Nd2 c5 5. Ngf3 h6 6. Bh4 c4 7. c3 Bd6 8. Bxf6
Qxf6 9. e4 Qe7 10. a4 O-O 11. Be2 a5 12. O-O Nd7 13. b3 dxe4 14. Nxe4 cxb3 15.
Qxb3 b6 16. Nfd2 Bc7 17. d5 exd5 18. Qxd5 Rb8 19. Bd3 Bb7 20. Qf5 g6 21. Qh3
Kg7 22. Rac1 f5 23. Ng3 Qd6 24. Bb5 Ne5 25. Nb3 f4 26. Nh1 Bc8 27. Qh4 Bd8 0-1

[Event "Romanian Championship"]
[Site "?"]
[Date "2013.02.18"]
[Round "?"]
[White "Ionita, Gheorghe"]
[Black "Turcuman, Dragos Mihai"]
[Result "0-1"]
[WhiteElo "1618"]
[BlackElo "1598"]
[PlyCount "70"]
[EventDate "2013.??.??"]

1. e4 c5 2. c3 Nf6 3. e5 Nd5 4. d4 cxd4 5. cxd4 Nc6 6. Bc4 Nb6 7. Bb3 d5 8. f4
Bf5 9. Nf3 e6 10. O-O Be7 11. Nbd2 O-O 12. Bc2 Bxc2 13. Qxc2 Nb4 14. Qd1 Rc8
15. Ng5 Bxg5 16. fxg5 Nc2 17. Rb1 Ne3 18. Qh5 Nxf1 19. Nxf1 Nc4 20. b3 Na5 21.
Ba3 Re8 22. Ne3 Nc6 23. Rf1 Qd7 24. Rf4 b5 25. Bd6 Nd8 26. Rh4 h6 27. gxh6 g6
28. h7+ Kh8 29. Qg5 f6 30. Qxg6 Nb7 31. Qxf6+ Qg7 32. Qf4 Nxd6 33. exd6 Rf8 34.
d7 Rc1+ 35. Nf1 Rxf1+ 0-1

[Event "Campionatul National individual  de sen"]
[Site "Olanesti"]
[Date "2013.02.18"]
[Round "3.45"]
[White "Tufa, Mihai"]
[Black "Ionita, Gheorghe"]
[Result "1-0"]
[WhiteElo "2032"]
[BlackElo "1618"]
[PlyCount "59"]
[EventDate "2013.02.16"]
[EventRounds "9"]

1. e4 c5 2. c3 g6 3. d4 Bg7 4. dxc5 a5 5. Be3 Na6 6. Na3 Qc7 7. Nb5 Qc6 8. Qd5
Qf6 9. Bd4 e5 10. Nd6+ Kf8 11. Bxe5 Qe7 12. Bxg7+ Kxg7 13. Bc4 Nh6 14. Nf3 Rf8
15. O-O Nc7 16. Qd4+ f6 17. e5 Ne6 18. exf6+ Rxf6 19. Rfe1 Qf8 20. Bxe6 dxe6
21. Ne4 Ng4 22. Nxf6 Nxf6 23. Ne5 a4 24. b4 Kg8 25. a3 Nd5 26. c4 Nf4 27. Rad1
Qf6 28. Qd8+ Kg7 29. Qc7+ Kh6 30. Ng4+ 1-0

[Event "Campionatul National individual  de sen"]
[Site "Olanesti"]
[Date "2013.02.17"]
[Round "2.28"]
[White "Ionita, Gheorghe"]
[Black "Ciobanu, Aurelian"]
[Result "0-1"]
[WhiteElo "1618"]
[BlackElo "2218"]
[PlyCount "82"]
[EventDate "2013.02.16"]
[EventRounds "9"]

1. e4 c5 2. c3 g6 3. d4 Bg7 4. dxc5 a5 5. Bc4 Na6 6. Be3 Qc7 7. Nf3 Nxc5 8.
Bxf7+ Kxf7 9. Ng5+ Ke8 10. Qd5 Ne6 11. O-O Nxg5 12. Bxg5 Nf6 13. Qd3 b6 14. f4
Ba6 15. Qf3 Bxf1 16. e5 Qc6 17. Qxf1 Qc5+ 18. Kh1 Ne4 19. Bh4 g5 20. Qe2 Qd5
21. c4 Qd4 22. Nc3 Nxc3 23. Qh5+ Kd8 24. Qxg5 Bf8 25. bxc3 Qxc4 26. f5 Rg8 27.
Qh5 Qg4 28. Qxg4 Rxg4 29. Bf2 Kc7 30. Bg3 Rc4 31. Be1 Bg7 32. e6 dxe6 33. fxe6
Rd8 34. Bg3+ Kc6 35. Rf1 Rxc3 36. Bh4 Bf6 37. Bxf6 exf6 38. h3 Re8 39. Rxf6 Re7
40. Rf7 Rxf7 41. exf7 Rc1+ 0-1

[Event "CN Seniori 2012"]
[Site "Sarata Monteoru/Romania"]
[Date "2012.02.21"]
[Round "11.51"]
[White "Moldoveanu, Paul"]
[Black "Ionita, Gheorghe"]
[Result "1-0"]
[WhiteElo "1859"]
[BlackElo "1694"]
[PlyCount "80"]
[EventDate "2012.??.??"]

1. e4 c5 2. Nf3 Nc6 3. d4 cxd4 4. Nxd4 g6 5. Be3 Bg7 6. Nc3 Nf6 7. Be2 O-O 8.
f3 Qb6 9. O-O Nxe4 10. Nd5 Bxd4 11. Nxb6 Bxe3+ 12. Kh1 Bxb6 13. fxe4 d6 14. Bc4
Ne5 15. Bb3 Ng4 16. Qe2 Ne3 17. Rg1 Bg4 18. Qd3 Be6 19. h3 Rac8 20. Rge1 Nc4
21. Rab1 Rc5 22. c3 Ne5 23. Qg3 Nc4 24. Re2 Bc7 25. Rbe1 Re5 26. Qf2 Bb6 27.
Qf3 g5 28. g4 Kg7 29. Rd1 Rh8 30. Kg2 Kg6 31. Rd4 Rc5 32. Rd5 Ne5 33. Qg3 Bxd5
34. exd5 h5 35. Rxe5 dxe5 36. Qxe5 Re8 37. gxh5+ Kh6 38. Ba4 Bc7 39. Qe3 Rxd5
40. Bxe8 Re5 1-0

[Event "CN Seniori 2012"]
[Site "Sarata Monteoru/Romania"]
[Date "2012.02.20"]
[Round "10.54"]
[White "Ionita, Gheorghe"]
[Black "Puscas, Filip-Andrei"]
[Result "1-0"]
[WhiteElo "1694"]
[BlackElo "1420"]
[PlyCount "119"]
[EventDate "2012.??.??"]

1. e4 e5 2. Nf3 Nc6 3. d4 exd4 4. c3 dxc3 5. Nxc3 d6 6. Bc4 Nf6 7. Qb3 Qd7 8.
Ng5 Nd8 9. f4 c6 10. O-O d5 11. exd5 cxd5 12. Nxd5 Nxd5 13. Bxd5 Bc5+ 14. Be3
Bxe3+ 15. Qxe3+ Ne6 16. Rad1 Qe7 17. Qd3 Nxg5 18. fxg5 O-O 19. g6 hxg6 20. Qxg6
Be6 21. Qe4 Rad8 22. Bb3 Qc5+ 23. Kh1 Bxb3 24. axb3 Qb5 25. Qc4 Qe5 26. Rxd8
Rxd8 27. Qxf7+ Kh8 28. Qf2 Rd3 29. Qh4+ Kg8 30. Qc4+ Qd5 31. h3 Qxc4 32. bxc4
Rd2 33. b4 Rc2 34. Rf4 a6 35. c5 Rb2 36. Kh2 a5 37. bxa5 Rb5 38. a6 bxa6 39.
Rc4 Rb8 40. Kg3 Kf7 41. Kf4 Ke6 42. Ke4 g5 43. Ra4 Rb2 44. Rxa6+ Kd7 45. g4 Rh2
46. Rh6 Rc2 47. c6+ Ke7 48. Kf5 Rc5+ 49. Kg6 Rxc6+ 50. Kxg5 Rc5+ 51. Kg6 Rc6+
52. Kg7 Rc7 53. g5 Ke8+ 54. Kg8 Rc8 55. g6 Ke7+ 56. Kh7 Kf6 57. g7+ Kf7 58. Rh4
Rd8 59. Rf4+ Ke7 60. g8=Q 1-0

[Event "CN Seniori 2012"]
[Site "Sarata Monteoru/Romania"]
[Date "2012.02.19"]
[Round "9.49"]
[White "Ionita, Gheorghe"]
[Black "Tiron, Calin-Andrei"]
[Result "0-1"]
[WhiteElo "1694"]
[BlackElo "1856"]
[PlyCount "54"]
[EventDate "2012.??.??"]

1. e4 e6 2. f4 d5 3. exd5 exd5 4. Nf3 Bd6 5. d4 Nc6 6. c4 Bb4+ 7. Nc3 Bg4 8.
Be2 dxc4 9. O-O Nge7 10. Bxc4 Bxf3 11. Bxf7+ Kxf7 12. Qb3+ Bd5 13. Nxd5 Qxd5
14. Qh3 Nf5 15. a3 Ba5 16. Kh1 Rhe8 17. b4 Bb6 18. Bb2 Kg8 19. Rf3 Bxd4 20. Rd3
Qf7 21. Bxd4 Nfxd4 22. Rf1 Re4 23. f5 Rae8 24. f6 Re1 25. Rd1 Rxd1 26. Rxd1
Qxf6 27. Qd7 Qe6 0-1

[Event "CN Seniori 2012"]
[Site "Sarata Monteoru/Romania"]
[Date "2012.02.18"]
[Round "7.50"]
[White "Iordachescu, Sorin Emanuel"]
[Black "Ionita, Gheorghe"]
[Result "1-0"]
[WhiteElo "1876"]
[BlackElo "1694"]
[PlyCount "95"]
[EventDate "2012.??.??"]

1. d4 d5 2. c4 Nf6 3. Nf3 Bg4 4. e3 g6 5. Be2 Bxf3 6. Bxf3 e6 7. O-O c5 8. Nc3
Bg7 9. dxc5 Nbd7 10. cxd5 Nxc5 11. dxe6 fxe6 12. Qe2 O-O 13. e4 Qd4 14. Be3 Qd5
15. Bxc5 Qxc5 16. Rfd1 Rad8 17. Rd2 Bh6 18. Rd3 Nh5 19. Rxd8 Rxd8 20. Rd1 Rf8
21. Qb5 Qxb5 22. Nxb5 a6 23. Nd6 b5 24. Bxh5 gxh5 25. Nb7 Rc8 26. Rd8+ Rxd8 27.
Nxd8 e5 28. Nc6 Bg7 29. Nb4 a5 30. Nd5 Kf7 31. b3 Bf8 32. Kf1 Bd6 33. Ke2 Kg6
34. g3 h6 35. Nc3 b4 36. Nd5 h4 37. f4 h3 38. fxe5 Bxe5 39. Nf4+ Kf6 40. Nxh3
Bd4 41. Nf4 Ke5 42. Kf3 Bg1 43. h3 Bc5 44. Nd3+ Kd4 45. Nxc5 Kxc5 46. Ke3 h5
47. g4 hxg4 48. hxg4 1-0

[Event "CN Seniori 2012"]
[Site "Sarata Monteoru/Romania"]
[Date "2012.02.16"]
[Round "5.50"]
[White "Fulger, Ionut-Alexandru"]
[Black "Ionita, Gheorghe"]
[Result "1-0"]
[WhiteElo "1946"]
[BlackElo "1694"]
[PlyCount "117"]
[EventDate "2012.??.??"]

1. d4 d5 2. Nf3 Nf6 3. e3 c5 4. Bd3 g6 5. O-O Bg4 6. h3 Bxf3 7. Qxf3 cxd4 8.
exd4 Bg7 9. Re1 O-O 10. Nd2 Nc6 11. c3 e6 12. Nb3 Nd7 13. Bf4 Rc8 14. Rad1 a6
15. a4 Qb6 16. Bc2 Rfe8 17. Re2 Ne7 18. h4 Nf5 19. g4 Nd6 20. h5 Nf6 21. Nc5
Qc6 22. hxg6 hxg6 23. Bxd6 Qxd6 24. Nxb7 Qb8 25. Nc5 Rc6 26. a5 Rd6 27. b4 Nh7
28. Bd3 Ng5 29. Qg3 Ne4 30. Bxe4 dxe4 31. Nxe4 Rc6 32. Qxb8 Rxb8 33. Nc5 Bf8
34. Nd7 Rbc8 35. Nc5 Bd6 36. Kg2 Kg7 37. Re3 Bf4 38. Rf3 g5 39. Kf1 f5 40. gxf5
exf5 41. d5 Rh6 42. Ne6+ Kf6 43. Nxf4 gxf4 44. Ke2 Ke5 45. d6 Rxd6 46. Rxd6
Kxd6 47. Kd3 Ke5 48. c4 Rb8 49. Kc3 Ke4 50. Rd3 Rf8 51. f3+ Ke5 52. b5 axb5 53.
cxb5 Rc8+ 54. Kb4 Rc1 55. a6 Rb1+ 56. Rb3 Ra1 57. Kc5 Rc1+ 58. Kb6 Kd6 59. a7
1-0

[Event "CN Seniori 2012"]
[Site "Sarata Monteoru/Romania"]
[Date "2012.02.15"]
[Round "3.53"]
[White "Gheorghiu, Calin"]
[Black "Ionita, Gheorghe"]
[Result "1-0"]
[WhiteElo "2003"]
[BlackElo "1694"]
[PlyCount "76"]
[EventDate "2012.??.??"]

1. e4 c5 2. Nc3 Nc6 3. Bb5 g6 4. Bxc6 bxc6 5. f4 Bg7 6. d3 Nf6 7. Nf3 O-O 8.
O-O d6 9. Qe1 Rb8 10. b3 Bg4 11. Bd2 Qd7 12. Nh4 Nh5 13. f5 Be5 14. Bg5 f6 15.
Bh6 g5 16. Bxf8 gxh4 17. Bh6 h3 18. Qh4 Bd4+ 19. Kh1 hxg2+ 20. Kxg2 Kf7 21. h3
Bxc3 22. hxg4 Ng7 23. Bxg7 Kxg7 24. Rh1 Rh8 25. Raf1 d5 26. Qh6+ Kf7 27. Kf3
dxe4+ 28. dxe4 Qd6 29. g5 Bd2 30. g6+ Ke8 31. g7 Rg8 32. Qxh7 Qf4+ 33. Ke2 Qe3+
34. Kd1 Bc3 35. Qxg8+ Kd7 36. Qe6+ Kc7 37. Qxe7+ Kb6 38. Qd8+ Kb5 1-0

[Event "CN Seniori 2012"]
[Site "Sarata Monteoru"]
[Date "2012.02.15"]
[Round "4.61"]
[White "Ionita, Gheorghe"]
[Black "Soare, Cristel"]
[Result "1-0"]
[WhiteElo "1694"]
[BlackElo "1519"]
[PlyCount "115"]
[EventDate "2012.02.13"]

1. e4 e5 2. Nf3 Nf6 3. d4 exd4 4. e5 Nd5 5. Bc4 Nb6 6. Bb3 Bb4+ 7. Bd2 Bxd2+ 8.
Qxd2 O-O 9. c3 dxc3 10. Nxc3 c6 11. Qd6 Nd5 12. Ne4 Qa5+ 13. Nfd2 Qb4 14. O-O
Qxd6 15. Nxd6 Na6 16. f4 Nc5 17. Rf3 a5 18. Raf1 b6 19. Bc2 Ba6 20. R1f2 Nb7
21. Nf5 f6 22. Rg3 Kh8 23. Rxg7 Rg8 24. Rxd7 Nc5 25. Rf7 fxe5 26. fxe5 Bd3 27.
Bxd3 Nxd3 28. Re2 Raf8 29. e6 N3f4 30. Rf2 Nxe6 31. Rd7 Rg5 32. Nd6 Rxf2 33.
Kxf2 Rg7 34. Nf7+ Kg8 35. Nh6+ Kf8 36. Rd6 Nd4 37. Nf3 Nxf3 38. gxf3 Rg6 39.
Rxg6 hxg6 40. Ng4 c5 41. Kg3 Kf7 42. Kh4 Nf6 43. Ne5+ Ke6 44. Nc4 Nd5 45. Kg5
b5 46. Nxa5 Kf7 47. Nc6 c4 48. Ne5+ Ke6 49. Nxg6 Ne3 50. Nf4+ Ke5 51. Ne2 Nd1
52. b3 c3 53. a4 bxa4 54. bxa4 c2 55. a5 Nc3 56. Nc1 Kd6 57. h4 Nd5 58. h5 1-0

[Event "CN Seniori 2012"]
[Site "Sarata Monteoru/Romania"]
[Date "2012.02.14"]
[Round "2.49"]
[White "Ionita, Gheorghe"]
[Black "Neagu, Cosmin"]
[Result "0-1"]
[WhiteElo "1694"]
[BlackElo "1918"]
[PlyCount "50"]
[EventDate "2012.??.??"]

1. e4 c5 2. c3 Nf6 3. e5 Nd5 4. d4 cxd4 5. cxd4 e6 6. f4 Qc7 7. Nf3 Bb4+ 8. Kf2
b6 9. Bd3 Bb7 10. Rf1 O-O 11. Bxh7+ Kxh7 12. Ng5+ Kg8 13. Qh5 Qc2+ 14. Kg1 Qg6
15. Qh4 Be7 16. Rf3 Qh6 17. Qg4 f5 18. Qg3 Nc6 19. Qf2 Nxd4 20. Rh3 Qg6 21. Rg3
Qh5 22. Nf3 Nxf3+ 23. Rxf3 Bc5 24. Be3 Nxe3 25. b4 Ng4 0-1

[Event "CN Seniori 2012"]
[Site "Sarata Monteoru/Romania"]
[Date "2012.02.13"]
[Round "1.44"]
[White "Varlan, Herwig Ioan"]
[Black "Ionita, Gheorghe"]
[Result "1-0"]
[WhiteElo "2184"]
[BlackElo "1694"]
[PlyCount "55"]
[EventDate "2012.??.??"]

1. d4 Nf6 2. Nf3 e6 3. e3 c5 4. Bd3 Nc6 5. O-O b6 6. c3 Bb7 7. Nbd2 Qc7 8. a3
h6 9. e4 Be7 10. e5 Nh7 11. Ne4 cxd4 12. cxd4 O-O-O 13. Bf4 f5 14. Nd6+ Bxd6
15. exd6 Qb8 16. Rc1 Rdf8 17. Ne5 g5 18. Nxc6 Bxc6 19. Be5 Nf6 20. Rxc6+ Kd8
21. Rc7 Ke8 22. Qa4 Kf7 23. Rxd7+ Nxd7 24. Qxd7+ Kg6 25. Qxe6+ Kh5 26. f3 Qc8
27. d7 Qb7 28. Bxf5 1-0

[Event "Felix Cup 2011   XXVI. Edition"]
[Site "?"]
[Date "2011.05.22"]
[Round "5.13"]
[White "Hristodorescu, Daniel"]
[Black "Ionita, Gheorghe"]
[Result "1-0"]
[WhiteElo "2204"]
[BlackElo "1731"]
[PlyCount "75"]
[EventDate "2011.05.20"]

1. e4 c5 2. Nf3 Nc6 3. Bb5 g6 4. O-O e6 5. Bxc6 bxc6 6. e5 Bg7 7. Re1 Ne7 8.
Nc3 O-O 9. Ne4 Qb6 10. b3 Nf5 11. Ba3 d6 12. exd6 Nd4 13. Bxc5 Nxf3+ 14. Qxf3
Qa5 15. b4 Qd8 16. d4 f5 17. Nd2 Bd7 18. Nc4 Qh4 19. Qg3 Qh6 20. f4 Bf6 21. Ne5
Bxe5 22. Rxe5 Rf6 23. Re3 a6 24. Rae1 Raf8 25. Ra3 Ra8 26. Ra5 Rf7 27. c4 Rg7
28. h4 Rf7 29. Qg5 Qf8 30. Re3 Kg7 31. h5 Rf6 32. d5 h6 33. Qh4 Kh7 34. Bd4 Rf7
35. dxe6 Qxd6 36. Bc5 Qd1+ 37. Re1 g5 38. Rxd1 1-0

[Event "Felix Cup XXVI. Edition"]
[Site "?"]
[Date "2011.05.20"]
[Round "?"]
[White "Stegariu, Vlad-Ionut"]
[Black "Ionita, Gheorghe"]
[Result "1-0"]
[WhiteElo "2220"]
[BlackElo "1731"]
[PlyCount "101"]
[EventDate "2011.??.??"]

1. d4 Nf6 2. c4 e6 3. Nf3 d5 4. Nc3 Bb4 5. Qa4+ Nc6 6. Ne5 Bxc3+ 7. bxc3 Bd7 8.
Nxd7 Qxd7 9. Ba3 Ne4 10. f3 Nd6 11. c5 Nc4 12. e4 Ne3 13. Kf2 Nxf1 14. Rhxf1
O-O 15. Rab1 Rab8 16. c4 dxc4 17. Rfd1 Rfd8 18. Qxc4 Qe7 19. Kg1 Qg5 20. Bc1
Qh4 21. Be3 Rd7 22. Qa4 Qd8 23. Rd2 Ne7 24. Qxa7 Nc6 25. Qa4 Ra8 26. Qc4 Ne5
27. Qc3 Nc6 28. Rxb7 Ra4 29. Qb2 h6 30. Qb5 Ra3 31. Bf2 Qg5 32. Qe2 Ne5 33. Kh1
Nc4 34. Rd1 Rc3 35. a4 Na3 36. a5 Rc2 37. Qf1 Nc4 38. a6 Ra2 39. a7 Kh7 40. Ra1
Rxa1 41. Qxa1 Ne3 42. Bxe3 Qxe3 43. a8=Q Rxd4 44. Rb2 Rc4 45. Rb1 Rc2 46. Qf8
f6 47. Rg1 Rf2 48. Qaa8 Rxf3 49. Qg8+ Kg6 50. Qae8+ Kg5 51. Qxg7+ 1-0

[Event "Felix Cup 2007 XXII"]
[Site "Felix Spa"]
[Date "2007.05.27"]
[Round "4.25"]
[White "Ionita, Gheorghe"]
[Black "Horvath, Ludovic"]
[Result "0-1"]
[WhiteElo "1843"]
[BlackElo "2114"]
[PlyCount "83"]
[EventDate "2007.05.??"]
[EventRounds "9"]
[EventCountry "ROM"]

1. e4 e5 2. Nf3 Nf6 3. d4 Nxe4 4. Bd3 d5 5. Nxe5 Nd7 6. Nxd7 Bxd7 7. c4 Bb4+ 8.
Bd2 Nxd2 9. Nxd2 dxc4 10. Bxc4 O-O 11. O-O Bc6 12. Nb3 Qh4 13. a3 Bd6 14. g3
Qe4 15. f3 Qe3+ 16. Rf2 Rad8 17. Na5 Bc5 18. Nxc6 bxc6 19. dxc5 Rxd1+ 20. Rxd1
Qxc5 21. Ba2 g6 22. Kg2 Re8 23. h4 Re7 24. g4 Kg7 25. Bb1 Qa5 26. Be4 c5 27.
Rd5 c6 28. Rd6 Re6 29. Rd7 c4 30. Rfd2 c3 31. bxc3 Qxc3 32. R2d3 Qb2+ 33. Kh3
Qe2 34. Rd2 Qf1+ 35. Kh2 Qe1 36. Kh3 Qf1+ 37. Rg2 Qa6 38. h5 Qxa3 39. Kh4 Re7
40. Rd8 Qc5 41. g5 h6 42. hxg6 0-1